000 00348 a2200157 4500
001 47498
020 _a9788570730046
040 _cAnchieta - Aquarius
100 _aBorba, Marcos
240 1 0 _aBonezinho vermelho
_lpor
245 1 0 _aBonezinho vermelho
300 _a40p.
362 0 _a2018
650 4 _aLiteratura infanto-juvenil
942 _cBK
999 _c47498
_d47498